Rusev's WrestleMania Opponents - Statistics

General Stats
  • This quiz has been taken 16 times
  • The average score is 12 of 13
Answer Stats
WrestleMania Opponent % Correct
WrestleMania 31 John Cena
100%
WrestleMania 34 Randy Orton
100%
WrestleMania 32 Big E
91%
WrestleMania 34 Bobby Roode
91%
WrestleMania 35 Cesaro
91%
WrestleMania 35 Jey Uso
91%
WrestleMania 35 Jimmy Uso
91%
WrestleMania 34 Jinder Mahal
91%
WrestleMania 32 Kofi Kingston
91%
WrestleMania 32 Xavier Woods
91%
WrestleMania 35 Aleister Black
82%
WrestleMania 35 Ricochet
82%
WrestleMania 35 Sheamus
82%
No matching quizzes found
Score Distribution
Percent of People with Each Score
Percentile by Number Answered
Your Score History
You have not taken this quiz